| Tag |
First Indicator |
Second Indicator |
Subfields |
| LEADER |
00000cam a2200000Ka 4500 |
| 001 |
in00002872913 |
| 006 |
m o d |
| 007 |
cr cnu---unuuu |
| 008 |
120228s2012 flu ob 001 0 eng d |
| 005 |
20250816205850.5 |
| 019 |
|
|
|a 785783060
|
| 020 |
|
|
|a 9781439816103 (electronic bk.)
|
| 020 |
|
|
|a 1439816107 (electronic bk.)
|
| 020 |
|
|
|z 9781439816097
|
| 020 |
|
|
|z 1439816093
|
| 035 |
|
|
|a (OCoLC)ocn778448416
|
| 035 |
|
|
|a (NhCcYBP)ebr10534310
|
| 035 |
|
|
|a (OCoLC)778448416
|z (OCoLC)785783060
|
| 040 |
|
|
|a N$T
|c N$T
|d EBLCP
|d YDXCP
|d MHW
|d E7B
|d OCLCQ
|d TXA
|d UtOrBLW
|
| 049 |
|
|
|a TXAM
|
| 050 |
|
4 |
|a QK867
|b .J66 2012eb
|
| 070 |
1 |
|
|a QK867
|b .J66 2012
|
| 072 |
|
7 |
|a TEC
|x 003060
|2 bisacsh
|
| 082 |
0 |
4 |
|a 631.4/22
|2 23
|
| 100 |
1 |
|
|a Jones, J. Benton,
|c Jr.,
|d 1930-
|
| 245 |
1 |
0 |
|a Plant nutrition and soil fertility manual /
|c J. Benton Jones, Jr.
|
| 250 |
|
|
|a 2nd ed.
|
| 264 |
|
1 |
|a Boca Raton, FL :
|b CRC Press,
|c 2012.
|
| 300 |
|
|
|a 1 online resource.
|
| 336 |
|
|
|a text
|b txt
|2 rdacontent
|
| 337 |
|
|
|a computer
|b c
|2 rdamedia
|
| 338 |
|
|
|a online resource
|b cr
|2 rdacarrier
|
| 504 |
|
|
|a Includes bibliographical references and index.
|
| 505 |
0 |
|
|a Soil fertility principles -- Plant nutrition principles -- The plant root -- How to be a diagnostician -- Soil taxonomy, horizontal characteristics, and clay minerals -- Physical properties of soils -- Physiochemical properties of soil -- Soil pH. Its determination and interpretation -- Soil organic matter -- Major essential plant elements -- Micronutrients considered essential to plants -- Elements considered beneficial to plants -- Elements considered toxic to plants -- Trace elements found in plants -- Soil testing -- Plant analysis and tissue testing -- Lime and liming materials -- Inorganic chemical fertilizers and their properties -- Organic fertilizers and their properties -- Fertilizer placement -- Soil water, irrigation, and water quality -- Hydroponics -- Soilless rooting and/or growing media -- Organic farming/gardening -- Weather and climatic conditions -- Best management practices (BMPs).
|
| 588 |
|
|
|a Description based on print version record.
|
| 520 |
|
|
|a As soil and crop management procedures have become more complex, County Agricultural Agents, farm advisors, consultants, and fertilizer and chemical dealers have had to specialize in some aspect of soil fertility and crop nutrition management procedures, limiting their ability to provide a range of advice and services. Most farmers and growers can no longer turn to just one source for the information and instruction needed to achieve their production goals. With over 70 percent new material, the second edition of the Plant Nutrition and Soil Fertility Manual discusses the principles determining ...
|
| 500 |
|
|
|a Electronic resource.
|
| 650 |
|
0 |
|a Plants
|x Nutrition
|v Handbooks, manuals, etc.
|
| 650 |
|
0 |
|a Soil fertility
|v Handbooks, manuals, etc.
|
| 650 |
|
7 |
|a TECHNOLOGY & ENGINEERING / Agriculture / Agronomy / Soil Science.
|2 bisacsh
|
| 655 |
|
7 |
|a Electronic books.
|2 local
|
| 710 |
2 |
|
|a ebrary, Inc.
|
| 776 |
0 |
8 |
|i Print version:
|a Jones, J. Benton, 1930-
|t Plant nutrition and soil fertility manual.
|b 2nd ed.
|d Boca Raton, FL : CRC Press, 2012
|z 9781439816097
|w (DLC) 2011050480
|w (OCoLC)768607322
|
| 856 |
4 |
0 |
|u https://ebookcentral.proquest.com/lib/tamucs/detail.action?docID=863101
|y Connect to the full text of this electronic book
|t 0
|
| 948 |
|
|
|a cataloged
|b h
|c 2013/9/10
|d c
|e jlanham
|f 1:00:41 pm
|
| 994 |
|
|
|a C0
|b TXA
|
| 999 |
f |
f |
|s 87cdc527-8131-3331-9719-26f2856d7760
|i 25548e3e-2cdf-3367-8478-c3d80f8d92b4
|t 0
|
| 999 |
|
|
|a MARS
|
| 952 |
f |
f |
|a Texas A&M University
|b College Station
|c Electronic Resources
|d Available Online
|t 0
|e QK867 .J66 2012eb
|h Library of Congress classification
|
| 998 |
f |
f |
|a QK867 .J66 2012eb
|t 0
|l Available Online
|